[Event "GMA World Cup qual f"]
[Site "Moscow URS"]
[Date "1990.??.??"]
[Round "6"]
[White "King, Daniel John"]
[Black "Timoshenko, Georgy"]
[Result "1/2-1/2"]
[WhiteElo "2515"]
[BlackElo "2540"]
[EventDate "1990.05.??"]
[PlyCount "165"]

1.e4 c5 2.Nc3 e6 3.f4 d5 4.Nf3 d4 5.Nb1 Nf6 6.d3 Nc6 7.g3 Be7 8.Bg2 Bd7 9.
a4 O-O 10.O-O a6 11.Ne5 Be8 12.Nxc6 Bxc6 13.a5 c4 14.Nd2 cxd3 15.cxd3 Bb4 
16.Nc4 Nd7 17.Bd2 Qe7 18.Qe1 Bxd2 19.Qxd2 Rac8 20.b4 e5 21.Bh3 f6 22.Rac1 
g6 23.Rf2 Bb5 24.Rcf1 exf4 25.Rxf4 Bxc4 26.dxc4 Rcd8 27.Qxd4 Ne5 28.Qc5 
Rd6 29.Qe3 Nxc4 30.Qb3 Qf7 31.Rd1 Rfd8 32.Rd5 Ne5 33.Rxf6 Rxf6 34.Rxd8+ 
Kg7 35.Qxf7+ Rxf7 36.Be6 Rc7 37.Rc8 Re7 38.Bd5 Nc6 39.b5 Nxa5 40.bxa6 bxa6
41.Rg8+ Kh6 42.Ra8 Rc7 43.Kf2 Nc6 44.Ke3 Ne5 45.h3 a5 46.Rxa5 Nc4+ 47.Bxc4
Rxc4 48.Kf4 Rc7 49.g4 Kg7 50.Ke5 Re7+ 51.Kd4 Rd7+ 52.Rd5 Ra7 53.g5 Kf7 54.
Rd6 Ke7 55.Rb6 Ra4+ 56.Ke5 Ra5+ 57.Kf4 Ra7 58.h4 Kf7 59.Ke5 Re7+ 60.Kd5 
Rd7+ 61.Rd6 Ra7 62.Rf6+ Ke7 63.Ke5 Ra5+ 64.Kf4 Ra7 65.h5 gxh5 66.Rh6 Kf8 
67.Rxh5 Rf7+ 68.Ke3 Kg7 69.Rh6 Rf1 70.Ra6 Rg1 71.Kf4 Rf1+ 72.Ke5 Rg1 73.
Kf5 Rf1+ 74.Ke5 Rg1 75.Kd6 Rxg5 76.e5 Rg1 77.Kd7 Rd1+ 78.Rd6 Ra1 79.e6 Ra8
80.Ke7 h5 81.Rd8 Ra7+ 82.Rd7 Ra8 83.Rd8 1/2-1/2

[Event "GMA World Cup qual f"]
[Site "Moscow URS"]
[Date "1990.??.??"]
[Round "7"]
[White "Ivanchuk, Vasyl"]
[Black "Akopian, Vladimir"]
[Result "1/2-1/2"]
[WhiteElo "2665"]
[BlackElo "2550"]
[EventDate "1990.05.??"]
[PlyCount "27"]

1.d4 Nf6 2.Nf3 e6 3.c4 d5 4.Nc3 Nbd7 5.Qc2 c6 6.e4 dxe4 7.Nxe4 Nxe4 8.Qxe4
Bb4+ 9.Bd2 Bxd2+ 10.Nxd2 O-O 11.Bd3 Nf6 12.Qh4 e5 13.Nb3 exd4 14.O-O-O 
1/2-1/2

[Event "GMA World Cup qual f"]
[Site "Moscow URS"]
[Date "1990.??.??"]
[Round "7"]
[White "Chandler, Murray Graham"]
[Black "Chernin, Alexander"]
[Result "1/2-1/2"]
[WhiteElo "2585"]
[BlackElo "2600"]
[EventDate "1990.05.??"]
[PlyCount "38"]

1.e4 e6 2.d4 d5 3.Nc3 Nf6 4.e5 Nfd7 5.f4 c5 6.Nf3 Nc6 7.Be3 cxd4 8.Nxd4 
Bc5 9.Qd2 Nxd4 10.Bxd4 Bxd4 11.Qxd4 Qb6 12.Qxb6 Nxb6 13.Nb5 Ke7 14.O-O-O 
Bd7 15.Nd4 a6 16.g3 Nc8 17.Bg2 Na7 18.Rhe1 Rac8 19.c3 Rc7 1/2-1/2

[Event "GMA World Cup qual f"]
[Site "Moscow URS"]
[Date "1990.??.??"]
[Round "7"]
[White "Miles, Anthony John"]
[Black "Gavrikov, Viktor"]
[Result "1-0"]
[WhiteElo "2580"]
[BlackElo "2580"]
[EventDate "1990.05.??"]
[PlyCount "55"]

1.c4 e5 2.g3 f5 3.d4 e4 4.Nc3 Nf6 5.Nh3 c6 6.f3 Bb4 7.Qb3 c5 8.Be3 Qa5 9.
O-O-O Bxc3 10.Qxc3 Qxc3+ 11.bxc3 b6 12.dxc5 bxc5 13.Nf4 Na6 14.Bh3 Bb7 15.
Rd6 exf3 16.exf3 O-O 17.Re1 Rf7 18.Bxf5 Ne8 19.Rxd7 Rxf5 20.Rxb7 Nd6 21.
Rd7 Nxc4 22.Bd2 Re5 23.Rxe5 Nxe5 24.Re7 Nxf3 25.Ne6 Nxh2 26.Rxg7+ Kh8 27.
Bh6 Nf1 28.Ng5 1-0

[Event "GMA World Cup qual f"]
[Site "Moscow URS"]
[Date "1990.??.??"]
[Round "7"]
[White "Seirawan, Yasser"]
[Black "Spraggett, Kevin"]
[Result "1-0"]
[WhiteElo "2595"]
[BlackElo "2555"]
[EventDate "1990.05.??"]
[PlyCount "107"]

1.d4 d6 2.e4 g6 3.Nc3 Bg7 4.f4 Nc6 5.Be3 Nf6 6.Nf3 O-O 7.e5 dxe5 8.dxe5 
Ng4 9.Bg1 f6 10.Bc4+ Kh8 11.h3 Nh6 12.Qe2 fxe5 13.fxe5 e6 14.Bb5 Nf5 15.
Rd1 Qe8 16.Bf2 a6 17.Ba4 b6 18.O-O Bb7 19.Ne4 Ncd4 20.Nxd4 Qxa4 21.Nf6 
Rad8 22.Nxe6 Rxd1 23.Rxd1 Qc6 24.Nf4 Bxf6 25.exf6 Qxf6 26.c3 Kg8 27.Rd7 
Qc6 28.Qe6+ Qxe6 29.Nxe6 Re8 30.Rxc7 Bd5 31.Nd4 Nxd4 32.Bxd4 Re2 33.c4 
Bxg2 34.Rg7+ Kf8 35.Rxh7 Bf3 36.Ra7 Rg2+ 37.Kf1 Rd2 38.Bc3 Rc2 39.Rxa6 
Be2+ 40.Kg1 Bxc4 41.Rxb6 Bxa2 42.Rxg6 Rc1+ 43.Kf2 Rc2+ 44.Kg3 Bd5 45.Rd6 
Rg2+ 46.Kf4 Bb3 47.h4 Rh2 48.Kg3 Rh1 49.Rd2 Kg8 50.Rh2 Rd1 51.h5 Kh7 52.h6
Rg1+ 53.Kf2 Rg6 54.Bg7 1-0

[Event "GMA World Cup qual f"]
[Site "Moscow URS"]
[Date "1990.??.??"]
[Round "7"]
[White "De Firmian, Nick"]
[Black "Tal, Mikhail"]
[Result "1-0"]
[WhiteElo "2565"]
[BlackElo "2585"]
[EventDate "1990.05.??"]
[PlyCount "57"]

1.e4 Nf6 2.e5 Nd5 3.d4 d6 4.Nf3 dxe5 5.Nxe5 g6 6.Bc4 c6 7.O-O Bg7 8.Re1 
O-O 9.Bb3 Be6 10.Nd2 Nd7 11.Ndf3 Nxe5 12.dxe5 a5 13.c3 Qc7 14.h3 Rfd8 15.
Nd4 Bc8 16.e6 f5 17.Qf3 a4 18.Bxd5 Rxd5 19.Bf4 Qd8 20.Rad1 Bxd4 21.cxd4 
Ra6 22.h4 c5 23.dxc5 Bxe6 24.Bh6 Bf7 25.Qc3 Rf6 26.Rxd5 Bxd5 27.Rd1 Rf7 
28.Qe5 e6 29.Qxe6 1-0

[Event "GMA World Cup qual f"]
[Site "Moscow URS"]
[Date "1990.??.??"]
[Round "7"]
[White "Eingorn, Viacheslav"]
[Black "Nogueiras Santiago, Jesus"]
[Result "1-0"]
[WhiteElo "2570"]
[BlackElo "2555"]
[EventDate "1990.05.??"]
[PlyCount "87"]

1.c4 e6 2.d4 Nf6 3.Nc3 d5 4.Bg5 Be7 5.e3 h6 6.Bh4 Nbd7 7.Nf3 Ne4 8.Bxe7 
Qxe7 9.Nxe4 dxe4 10.Nd2 f5 11.Qh5+ Qf7 12.Qxf7+ Kxf7 13.Be2 e5 14.d5 Nf6 
15.O-O-O Bd7 16.Nb1 c5 17.dxc6 Bxc6 18.Nc3 Rhd8 19.b4 b6 20.Rxd8 Rxd8 21.
Rd1 Rxd1+ 22.Bxd1 f4 23.Kd2 f3 24.g3 g5 25.Bc2 h5 26.h3 h4 27.g4 Ke7 28.
Ke1 Kd6 29.Kf1 Kc7 30.Ba4 Bxa4 31.Nxa4 Kc6 32.Nc3 a6 33.Ke1 b5 34.cxb5+ 
axb5 35.Kd2 Kb6 36.Kc2 Kc6 37.Kb3 Kd7 38.a4 bxa4+ 39.Kxa4 Kc6 40.Ka5 Kc7 
41.Kb5 Kd6 42.Kc4 Kc6 43.b5+ Kd6 44.Kb4 1-0

[Event "GMA World Cup qual f"]
[Site "Moscow URS"]
[Date "1990.??.??"]
[Round "7"]
[White "Hjartarson, Johann"]
[Black "Gulko, Boris"]
[Result "1/2-1/2"]
[WhiteElo "2505"]
[BlackElo "2610"]
[EventDate "1990.05.??"]
[PlyCount "26"]

1.c4 e5 2.g3 c6 3.d4 Bb4+ 4.Bd2 Bxd2+ 5.Qxd2 d6 6.Nc3 Nf6 7.Nf3 e4 8.Ng5 
d5 9.cxd5 cxd5 10.Nh3 O-O 11.Nf4 Re8 12.h4 Nc6 13.e3 Ne7 1/2-1/2

[Event "GMA World Cup qual f"]
[Site "Moscow URS"]
[Date "1990.??.??"]
[Round "7"]
[White "Timoshenko, Georgy"]
[Black "Vladimirov, Evgeny"]
[Result "1/2-1/2"]
[WhiteElo "2540"]
[BlackElo "2565"]
[EventDate "1990.05.??"]
[PlyCount "65"]

1.e4 e6 2.d4 d5 3.Nd2 c5 4.exd5 exd5 5.Ngf3 Nc6 6.Bb5 Bd6 7.dxc5 Bxc5 8.
O-O Ne7 9.Nb3 Bd6 10.Re1 O-O 11.Bd3 h6 12.h3 Nf5 13.c3 Qf6 14.Bc2 Be6 15.
Qd3 Rfe8 16.Bd2 g6 17.Rad1 Rac8 18.Bb1 a6 19.Bc1 Bf8 20.Be3 Nxe3 21.Rxe3 
Bd6 22.Rde1 Kg7 23.a3 Bb8 24.Nbd4 Nxd4 25.Qxd4 Qxd4 26.Nxd4 Bd7 27.Ba2 
Rxe3 28.Rxe3 Bc6 29.Kf1 Kf8 30.Ke2 Bf4 31.Rf3 Bc1 32.Nxc6 Rxc6 33.c4 
1/2-1/2

[Event "GMA World Cup qual f"]
[Site "Moscow URS"]
[Date "1990.??.??"]
[Round "7"]
[White "Nikolic, Predrag"]
[Black "Arnason, Jon"]
[Result "1/2-1/2"]
[WhiteElo "2600"]
[BlackElo "2500"]
[EventDate "1990.05.??"]
[PlyCount "117"]

1.d4 Nf6 2.c4 e6 3.Nf3 b6 4.g3 Ba6 5.b3 Bb7 6.Bg2 Bb4+ 7.Bd2 c5 8.O-O O-O 
9.Bxb4 cxb4 10.Qd3 d5 11.Nbd2 Nbd7 12.Rfc1 Qe7 13.Qe3 Rac8 14.Ne5 Nxe5 15.
dxe5 Nd7 16.cxd5 Bxd5 17.Bxd5 exd5 18.Nf3 Rc5 19.Qd4 Re8 20.Rxc5 bxc5 21.
Qxd5 Nxe5 22.Rc1 Nxf3+ 23.exf3 Rc8 24.h4 h6 25.Kg2 a5 26.Rc4 Qc7 27.Qf5 
Qc6 28.g4 Rc7 29.g5 h5 30.Qe4 a4 31.bxa4 Qxe4 32.fxe4 Kf8 33.Kf3 Ke7 34.
Ke3 Kd6 35.Kd3 Ra7 36.a3 Rxa4 37.axb4 cxb4 38.f4 Ra3+ 39.Kd4 Rb3 40.e5+ 
Kd7 41.Kc5 Ke6 42.Rxb4 Rf3 43.Rb6+ Ke7 44.Kd5 Rxf4 45.Rb7+ Kf8 46.g6 fxg6 
47.Ke6 Kg8 48.Rb8+ Kh7 49.Kd5 Rf1 50.e6 Rd1+ 51.Kc6 Rc1+ 52.Kd7 Rd1+ 53.
Ke8 g5 54.hxg5 Kg6 55.Rb5 Re1 56.e7 h4 57.Kd7 Rd1+ 58.Ke6 Re1+ 59.Kd7 
1/2-1/2

[Event "GMA World Cup qual f"]
[Site "Moscow URS"]
[Date "1990.??.??"]
[Round "7"]
[White "Tukmakov, Vladimir"]
[Black "King, Daniel John"]
[Result "1/2-1/2"]
[WhiteElo "2570"]
[BlackElo "2515"]
[EventDate "1990.05.??"]
[PlyCount "25"]

1.Nf3 c5 2.g3 b6 3.Bg2 Bb7 4.O-O Nf6 5.d3 e6 6.e4 d6 7.c4 Be7 8.Nc3 O-O 9.
Re1 a6 10.d4 cxd4 11.Nxd4 Qc7 12.Be3 Nc6 13.Nxc6 1/2-1/2

[Event "GMA World Cup qual f"]
[Site "Moscow URS"]
[Date "1990.??.??"]
[Round "7"]
[White "Hulak, Krunoslav"]
[Black "Malaniuk, Vladimir"]
[Result "0-1"]
[WhiteElo "2560"]
[BlackElo "2505"]
[EventDate "1990.05.??"]
[PlyCount "86"]

1.Nf3 f5 2.d4 Nf6 3.g3 g6 4.Bg2 Bg7 5.c4 d6 6.O-O O-O 7.Nc3 Qe8 8.Re1 Qf7 
9.b3 Ne4 10.Bb2 Nc6 11.Qd3 Nxc3 12.Bxc3 e5 13.dxe5 dxe5 14.Ng5 Qe7 15.Bd5+
Kh8 16.Bxc6 bxc6 17.f4 e4 18.Qe3 Re8 19.Red1 a5 20.Nf3 a4 21.Bxg7+ Kxg7 
22.Ne5 Ra6 23.bxa4 Be6 24.Rab1 Rd8 25.Rxd8 Qxd8 26.a5 Qd6 27.c5 Qd5 28.Qc3
Kh6 29.Rb7 e3 30.Nd3 Qxa2 31.Rxc7 Bf7 32.Ne5 Qxe2 33.Nxf7+ Kh5 34.h3 Qf2+ 
35.Kh1 e2 36.g4+ Kh4 37.Re7 Qf1+ 38.Kh2 Qxf4+ 39.Kg2 Qf1+ 40.Kh2 Qf2+ 41.
Kh1 Ra7 42.Qf6+ Kg3 43.Qc3+ Qf3+ 0-1

[Event "GMA World Cup qual f"]
[Site "Moscow URS"]
[Date "1990.??.??"]
[Round "7"]
[White "Pigusov, Evgeny"]
[Black "Timoschenko, Gennady"]
[Result "1/2-1/2"]
[WhiteElo "2545"]
[BlackElo "2505"]
[EventDate "1990.05.??"]
[PlyCount "33"]

1.Nf3 Nf6 2.g3 g6 3.c4 c6 4.d4 Bg7 5.Nc3 d5 6.Qb3 O-O 7.Bg2 Qb6 8.O-O Bf5 
9.Bf4 dxc4 10.Qxc4 Nbd7 11.b3 Ne4 12.Rad1 Nxc3 13.Qxc3 Be4 14.Qe3 Nf6 15.
Bh6 Rad8 16.Bxg7 Kxg7 17.Ne5 1/2-1/2

[Event "GMA World Cup qual f"]
[Site "Moscow URS"]
[Date "1990.??.??"]
[Round "8"]
[White "Beliavsky, Alexander"]
[Black "Chandler, Murray Graham"]
[Result "1/2-1/2"]
[WhiteElo "2640"]
[BlackElo "2585"]
[EventDate "1990.05.??"]
[PlyCount "121"]

1.d4 Nf6 2.c4 e6 3.Nf3 b6 4.g3 Ba6 5.b3 Bb4+ 6.Bd2 Be7 7.Bg2 c6 8.Bc3 d5 
9.Ne5 Nfd7 10.Nxd7 Nxd7 11.Nd2 O-O 12.O-O Nf6 13.e4 b5 14.Re1 dxe4 15.Qc2 
Rc8 16.Rad1 h6 17.Bf1 Qd7 18.Nxe4 Nxe4 19.Qxe4 bxc4 20.bxc4 Bf6 21.Bb4 
Rfd8 22.Bc5 Be7 23.Qc2 Bb7 24.Qa4 Rc7 25.Bg2 Ba8 26.h4 h5 27.Bf3 g6 28.Qa5
Bf6 29.Re3 Rb8 30.Rb3 Rd8 31.Ra3 Be7 32.Kg2 Bd6 33.Ra4 Bxc5 34.dxc5 Qe7 
35.Rxd8+ Qxd8 36.Ra3 e5 37.Re3 Qe7 38.Qc3 f6 39.Qd3 Kf7 40.Qd6 Rd7 41.Qb8 
Qd8 42.Qb1 Kg7 43.Rb3 Qe7 44.Be4 f5 45.Bxf5 gxf5 46.Qxf5 Bb7 47.Qxh5 Qe6 
48.Rf3 Rf7 49.Rxf7+ Qxf7 50.Qxe5+ Kh7 51.Qe4+ Kg8 52.g4 Ba6 53.Kg3 Bxc4 
54.Qxc6 Bd5 55.Qc8+ Kg7 56.Qf5 Qxf5 57.gxf5 Bxa2 58.Kf4 Kf6 59.Ke4 a5 60.
c6 Bb1+ 61.Kd4 1/2-1/2

[Event "GMA World Cup qual f"]
[Site "Moscow URS"]
[Date "1990.??.??"]
[Round "8"]
[White "Gulko, Boris"]
[Black "Seirawan, Yasser"]
[Result "1/2-1/2"]
[WhiteElo "2610"]
[BlackElo "2595"]
[EventDate "1990.05.??"]
[PlyCount "53"]

1.c4 e5 2.g3 Nc6 3.Bg2 d6 4.Nc3 Be6 5.d3 Qd7 6.Nd5 Nd8 7.e4 g6 8.f4 Bg7 9.
Nf3 c6 10.Ne3 Ne7 11.O-O exf4 12.gxf4 f5 13.Ng5 O-O 14.Kh1 Kh8 15.Rb1 Bg8 
16.b4 h6 17.Nh3 d5 18.exd5 cxd5 19.b5 a6 20.bxa6 Rxa6 21.Qb3 dxc4 22.dxc4 
Nec6 23.Rd1 Nd4 24.Qb2 b6 25.Ng1 Qa7 26.a3 N8e6 27.Nd5 1/2-1/2

[Event "GMA World Cup qual f"]
[Site "Moscow URS"]
[Date "1990.??.??"]
[Round "8"]
[White "Dolmatov, Sergei"]
[Black "Sokolov, Andrei"]
[Result "1/2-1/2"]
[WhiteElo "2620"]
[BlackElo "2585"]
[EventDate "1990.05.??"]
[PlyCount "192"]

1.e4 c5 2.Nf3 e6 3.d4 cxd4 4.Nxd4 Nc6 5.Nc3 d6 6.Be2 Nf6 7.O-O Be7 8.Kh1 
O-O 9.f4 a6 10.a4 Qc7 11.Be3 Re8 12.Bf3 Bd7 13.Nde2 Bc8 14.g4 b6 15.g5 Nd7
16.Qe1 Nb4 17.Rc1 Bb7 18.Qg3 Bf8 19.h4 Nc5 20.h5 g6 21.hxg6 fxg6 22.Bg2 
Bg7 23.Rfd1 Rad8 24.Rd2 Qc8 25.Rcd1 e5 26.Rxd6 Rxd6 27.Rxd6 Nxc2 28.Rxb6 
Nxe3 29.Qxe3 exf4 30.Nxf4 Qg4 31.Ncd5 Bxd5 32.Nxd5 Qd1+ 33.Qg1 Qh5+ 34.Qh2
Qd1+ 35.Qg1 Qh5+ 36.Qh2 Qxg5 37.Qf4 Qh5+ 38.Qh2 Qd1+ 39.Qg1 Qh5+ 40.Qh2 
Qe2 41.Rf6 Nd7 42.Rf1 Re5 43.Nf4 Qc4 44.Qh3 Qxa4 45.Rc1 Nf8 46.b3 Qd4 47.
Qf3 Qd8 48.Rd1 Qh4+ 49.Kg1 g5 50.Ne2 g4 51.Qd3 Qe7 52.Qxa6 Re6 53.Qc4 Qa7+
54.Kf1 Kh8 55.Ng3 Ra6 56.Qd3 Ra2 57.Rd2 Ra1+ 58.Rd1 Ra2 59.Rd2 Ra1+ 60.Rd1
Ne6 61.Nf5 Be5 62.Rxa1 Qxa1+ 63.Kf2 Qa2+ 64.Qe2 g3+ 65.Kf1 Qb1+ 66.Qe1 
Qxb3 67.Qe3 Qd1+ 68.Qe1 Qb3 69.Qe3 Qd1+ 70.Qe1 Qc2 71.Qe2 Qc1+ 72.Qe1 Qc2 
73.Qe2 Qb1+ 74.Qe1 Qb5+ 75.Qe2 Qb1+ 76.Qe1 Qb8 77.Bf3 Qb5+ 78.Qe2 Qb1+ 79.
Qe1 Qd3+ 80.Qe2 Qb1+ 81.Qe1 Qb8 82.Qd2 Qa7 83.Qe3 Qa1+ 84.Qe1 Qa6+ 85.Qe2 
Qc8 86.Qd2 Nf4 87.Kg1 h5 88.Nxg3 Qg8 89.Kf2 Nh3+ 90.Kf1 Qxg3 91.Qd8+ Kh7 
92.Qd7+ Kg6 93.Qe6+ Kg7 94.Qe7+ Kg8 95.Qe8+ Kg7 96.Qe7+ Kg8 1/2-1/2

[Event "GMA World Cup qual f"]
[Site "Moscow URS"]
[Date "1990.??.??"]
[Round "8"]
[White "Portisch, Lajos"]
[Black "Bareev, Evgeny"]
[Result "0-1"]
[WhiteElo "2605"]
[BlackElo "2590"]
[EventDate "1990.05.??"]
[PlyCount "104"]

1.d4 f5 2.g3 Nf6 3.Bg2 d6 4.d5 c6 5.c4 e5 6.dxe6 Bxe6 7.Qc2 Na6 8.Nh3 g6 
9.O-O Qe7 10.Nd2 Bg7 11.Rb1 O-O 12.b4 Rac8 13.a3 Nc7 14.Bb2 d5 15.Nf4 Bf7 
16.Rbc1 Rcd8 17.Rfe1 Rfe8 18.cxd5 Ncxd5 19.Nd3 Ne4 20.Bxg7 Kxg7 21.Qb2+ 
Qf6 22.Nxe4 fxe4 23.Qxf6+ Nxf6 24.Nc5 Re7 25.Rc3 Rd2 26.Re3 Bd5 27.h3 Rc2 
28.f4 b6 29.Na4 Bc4 30.Kf2 Bb5 31.Nc3 Nd5 32.Nxd5 cxd5 33.Rd1 Bc4 34.Ke1 
Rc7 35.Bf1 h5 36.h4 a5 37.bxa5 bxa5 38.Rd2 Rc1+ 39.Rd1 Bb5 40.Bh3 Ba4 41.
Rxc1 Rxc1+ 42.Kf2 Bc6 43.Rb3 d4 44.g4 a4 45.Rb2 e3+ 46.Kg3 Rg1+ 47.Kh2 
Rh1+ 48.Kg3 Rg1+ 49.Kh2 Rd1 50.gxh5 d3 51.exd3 Bf3 52.Bg2 Bxh5 0-1

[Event "GMA World Cup qual f"]
[Site "Moscow URS"]
[Date "1990.??.??"]
[Round "8"]
[White "Chernin, Alexander"]
[Black "Eingorn, Viacheslav"]
[Result "1/2-1/2"]
[WhiteElo "2600"]
[BlackElo "2570"]
[EventDate "1990.05.??"]
[PlyCount "73"]

1.d4 e6 2.c4 Nf6 3.g3 Bb4+ 4.Nd2 c5 5.dxc5 Bxc5 6.Bg2 Qb6 7.Nh3 O-O 8.O-O 
Be7 9.Nf4 d6 10.b3 Bd7 11.Bb2 Bc6 12.e4 Na6 13.Rb1 e5 14.Ne2 Nc5 15.Nc3 a6
16.Ba1 Bd7 17.Kh1 Ne6 18.f4 Nd4 19.h3 Qd8 20.g4 exf4 21.Rxf4 Ne6 22.Rf1 
Bc6 23.Nd5 Nd7 24.Nf3 Bf6 25.Nxf6+ Nxf6 26.Nh4 Nxe4 27.Nf5 f6 28.Qe1 Re8 
29.Bxe4 Nc7 30.Bxc6 Rxe1 31.Rbxe1 bxc6 32.Re7 Ne8 33.g5 fxg5 34.Rb7 h6 35.
Nxg7 Qc8 36.Re7 Qxh3+ 37.Kg1 1/2-1/2

[Event "GMA World Cup qual f"]
[Site "Moscow URS"]
[Date "1990.??.??"]
[Round "8"]
[White "Tal, Mikhail"]
[Black "Pigusov, Evgeny"]
[Result "1/2-1/2"]
[WhiteElo "2585"]
[BlackElo "2545"]
[EventDate "1990.05.??"]
[PlyCount "39"]

1.Nf3 c5 2.c4 g6 3.d4 cxd4 4.Nxd4 Nc6 5.e4 Nf6 6.Nc3 d6 7.Be2 Nxd4 8.Qxd4 
Bg7 9.Be3 O-O 10.Qd2 Be6 11.Rc1 a6 12.b3 Qa5 13.f3 Rfc8 14.Rc2 b5 15.Nd5 
Qxd2+ 16.Kxd2 Nxd5 17.cxd5 Rxc2+ 18.Kxc2 Rc8+ 19.Kd2 Bc3+ 20.Kd3 1/2-1/2

[Event "GMA World Cup qual f"]
[Site "Moscow URS"]
[Date "1990.??.??"]
[Round "8"]
[White "Vladimirov, Evgeny"]
[Black "Spraggett, Kevin"]
[Result "1-0"]
[WhiteElo "2565"]
[BlackElo "2555"]
[EventDate "1990.05.??"]
[PlyCount "101"]

1.d4 f5 2.g3 Nf6 3.Bg2 g6 4.Nf3 Bg7 5.O-O O-O 6.b3 c6 7.c4 d5 8.Nc3 Kh8 9.
Bb2 Be6 10.Qd3 Nbd7 11.Rac1 Bg8 12.cxd5 Nxd5 13.e4 Nxc3 14.Rxc3 fxe4 15.
Qxe4 Nf6 16.Qh4 Nd5 17.Rc2 Bf6 18.Qh6 Bg7 19.Qh4 Bf6 20.Qh6 Bg7 21.Qd2 a5 
22.Ne5 Be6 23.Re1 Rf6 24.Qg5 a4 25.Be4 axb3 26.axb3 Kg8 27.Rce2 Bf5 28.Bg2
h6 29.Qc1 g5 30.Qc4 e6 31.h3 Rf8 32.Qc1 Ra5 33.Ba3 Rf6 34.Nc4 Ra8 35.Bc5 
b6 36.Ba3 Kh8 37.Ne5 Qc8 38.Bd6 Qd8 39.Qxc6 Rc8 40.Qb7 Nc3 41.Re3 Nb5 42.
Be7 Qc7 43.Bxf6 Bxf6 44.Qxc7 Rxc7 45.g4 Bh7 46.d5 exd5 47.Bxd5 Nd4 48.Nf7+
Rxf7 49.Bxf7 Nc2 50.Re8+ Kg7 51.R1e7 1-0

[Event "GMA World Cup qual f"]
[Site "Moscow URS"]
[Date "1990.??.??"]
[Round "8"]
[White "Timoshenko, Georgy"]
[Black "Tukmakov, Vladimir"]
[Result "1/2-1/2"]
[WhiteElo "2540"]
[BlackElo "2570"]
[EventDate "1990.05.??"]
[PlyCount "81"]

1.e4 e5 2.Nf3 Nc6 3.Bb5 Nf6 4.O-O Nxe4 5.d4 Nd6 6.Bxc6 dxc6 7.dxe5 Nf5 8.
Qxd8+ Kxd8 9.Nc3 h6 10.Rd1+ Ke8 11.b3 Be6 12.Bb2 Be7 13.h3 h5 14.Ne4 Rd8 
15.c4 Rxd1+ 16.Rxd1 h4 17.Bc1 b6 18.Kf1 Rh5 19.Bg5 Bxg5 20.Nfxg5 c5 21.Rd2
Nd4 22.f4 Ke7 23.Kf2 f6 24.exf6+ gxf6 25.Nf3 Nf5 26.Ne1 Nd6 27.Nc3 c6 28.
Nd3 b5 29.cxb5 cxb5 30.b4 Nc4 31.Re2 cxb4 32.Nxb4 Nd6 33.Rd2 Rc5 34.Rxd6 
Rxc3 35.Ra6 Rc4 36.a3 Rxf4+ 37.Ke3 Rc4 38.Nc6+ Kd7 39.Nd4 Bd5 40.Rxa7+ Kd6
41.Nxb5+ 1/2-1/2

[Event "GMA World Cup qual f"]
[Site "Moscow URS"]
[Date "1990.??.??"]
[Round "8"]
[White "Hjartarson, Johann"]
[Black "Georgiev, Kiril"]
[Result "0-1"]
[WhiteElo "2505"]
[BlackElo "2605"]
[EventDate "1990.05.??"]
[PlyCount "109"]

1.c4 e6 2.Nc3 d5 3.d4 Be7 4.cxd5 exd5 5.Bf4 c6 6.e3 Bf5 7.Nge2 Nd7 8.f3 g5
9.Bg3 Ngf6 10.Bf2 Qb6 11.Qd2 O-O-O 12.Ng3 Bg6 13.Bd3 g4 14.Nf5 Bxf5 15.
Bxf5 gxf3 16.gxf3 Ne8 17.Rc1 Kb8 18.Bg3+ Ka8 19.Kf2 Nd6 20.Na4 Qb5 21.Bxd7
Qxa4 22.b3 Qa3 23.Bh3 Nb5 24.Bf1 Bb4 25.Qc2 Nc3 26.Bd3 h5 27.Rhg1 Rhe8 28.
Bf4 c5 29.dxc5 Rc8 30.Kg2 Rxc5 31.Bd6 Rc6 32.Bxb4 Qxb4 33.Kh1 a6 34.Qd2 
Qc5 35.Rge1 Rec8 36.Rc2 Qe7 37.Qf2 Qf6 38.Rg1 Re8 39.Rgc1 Qe5 40.Qd2 Rec8 
41.f4 Qf6 42.Qg2 Qe6 43.Qd2 Ne4 44.Qg2 Rxc2 45.Rxc2 Rxc2 46.Bxc2 Nf6 47.
Qg3 Ng4 48.Bd1 Qe4+ 49.Bf3 Qxe3 50.Bxd5 Qc1+ 51.Qg1 Qxf4 52.h3 Qf5 53.Bxf7
Nf2+ 54.Kg2 Nxh3 55.Qf1 0-1

[Event "GMA World Cup qual f"]
[Site "Moscow URS"]
[Date "1990.??.??"]
[Round "8"]
[White "King, Daniel John"]
[Black "Gavrikov, Viktor"]
[Result "0-1"]
[WhiteElo "2515"]
[BlackElo "2580"]
[EventDate "1990.05.??"]
[PlyCount "76"]

1.e4 c5 2.Nc3 e6 3.f4 Ne7 4.Nf3 Nec6 5.g3 Nd4 6.Bg2 Nbc6 7.d3 Be7 8.Ne2 d5
9.O-O O-O 10.g4 dxe4 11.dxe4 f5 12.h3 fxg4 13.Nexd4 cxd4 14.hxg4 Bd7 15.
Kh1 Rc8 16.a3 Qc7 17.Ne1 Bh4 18.Bd2 Qd8 19.g5 e5 20.Qh5 Bxe1 21.Raxe1 exf4
22.Bxf4 Ne7 23.Bd6 Rxf1+ 24.Rxf1 Ng6 25.e5 Rxc2 26.Bxb7 Rxb2 27.Bd5+ Kh8 
28.Qf3 Qc8 29.Kg1 Bb5 30.Rf2 d3 31.e6 Rxf2 32.Qxf2 Qd8 33.Qg3 d2 34.Bb3 
Bc4 35.e7 Nxe7 36.Bxe7 d1=Q+ 37.Bxd1 Qxd1+ 38.Kh2 Qe2+ 0-1

[Event "GMA World Cup qual f"]
[Site "Moscow URS"]
[Date "1990.??.??"]
[Round "8"]
[White "Makarichev, Sergei"]
[Black "Miles, Anthony John"]
[Result "1/2-1/2"]
[WhiteElo "2510"]
[BlackElo "2580"]
[EventDate "1990.05.??"]
[PlyCount "84"]

1.c4 b6 2.d4 e6 3.a3 f5 4.Nc3 Nf6 5.d5 Bc5 6.g3 O-O 7.Bg2 Bb7 8.e3 a5 9.
Nge2 Qe8 10.Qc2 Na6 11.O-O Rb8 12.b3 Ba8 13.Bb2 Qh5 14.Nf4 Qh6 15.Nd3 Bd6 
16.Nb5 Be7 17.Rad1 c6 18.dxc6 Bxc6 19.Ne5 Bxg2 20.Kxg2 Rbd8 21.Bd4 Bc5 22.
Bxc5 Nxc5 23.b4 axb4 24.axb4 Nce4 25.f3 Ng5 26.Nd6 Qh3+ 27.Kg1 Ra8 28.Ra1 
Qh6 29.Kg2 Qh3+ 30.Kg1 Qh6 31.Qd3 Qh5 32.Qd4 h6 33.b5 Rxa1 34.Qxa1 Ne8 35.
Nxe8 Rxe8 36.Qd1 Ra8 37.Qxd7 Nh3+ 38.Kh1 Ra2 39.Qxe6+ Kh7 40.g4 Nf2+ 41.
Rxf2 Qh3 42.Qxf5+ Kg8 1/2-1/2

[Event "GMA World Cup qual f"]
[Site "Moscow URS"]
[Date "1990.??.??"]
[Round "8"]
[White "Timoschenko, Gennady"]
[Black "Hulak, Krunoslav"]
[Result "1-0"]
[WhiteElo "2505"]
[BlackElo "2560"]
[EventDate "1990.05.??"]
[PlyCount "115"]

1.d4 Nf6 2.c4 c5 3.d5 d6 4.Nc3 g6 5.e4 Bg7 6.Nf3 O-O 7.Be2 e6 8.O-O exd5 
9.exd5 Bg4 10.Bf4 Nh5 11.Bd2 Nd7 12.h3 Bxf3 13.Bxf3 Nhf6 14.Qc2 h5 15.g3 
Nh7 16.Be2 f5 17.f4 Ndf6 18.Bf3 Re8 19.Kg2 Qd7 20.Rae1 Nf8 21.Rxe8 Rxe8 
22.Re1 Rb8 23.Qa4 Qd8 24.Qxa7 Ra8 25.Qxb7 Rb8 26.Qe7 Qxe7 27.Rxe7 Rxb2 28.
Re2 Ne4 29.Bc1 Rb4 30.Nxe4 Rxc4 31.Bd2 fxe4 32.Bxe4 Ra4 33.Be1 Kf7 34.Bc2 
Ra6 35.a4 Nd7 36.g4 hxg4 37.hxg4 Bf6 38.g5 Bd8 39.Re3 c4 40.Re6 Nf8 41.Re4
Ba5 42.Bf2 c3 43.Rc4 Ra8 44.Bd4 Nd7 45.Bxc3 Bxc3 46.Rxc3 Nc5 47.Rh3 Nxa4 
48.Rh7+ Kg8 49.Bxg6 Nc3 50.Rc7 Ra3 51.f5 Ne2 52.f6 Nf4+ 53.Kf2 Nxg6 54.
Rg7+ Kf8 55.Rxg6 Rd3 56.Rg7 Rxd5 57.Kf3 Rd1 58.Kg4 1-0

[Event "GMA World Cup qual f"]
[Site "Moscow URS"]
[Date "1990.??.??"]
[Round "8"]
[White "Nogueiras Santiago, Jesus"]
[Black "Naumkin, Igor"]
[Result "0-1"]
[WhiteElo "2555"]
[BlackElo "2455"]
[EventDate "1990.05.??"]
[PlyCount "70"]

1.d4 e6 2.Nf3 f5 3.c4 Nf6 4.Nc3 Bb4 5.Bg5 O-O 6.e3 Bxc3+ 7.bxc3 d6 8.Bd3 
Qe8 9.Qc2 Qh5 10.h3 Nc6 11.O-O-O Qf7 12.Nd2 Ne7 13.g4 Bd7 14.f3 Rab8 15.
Kb1 b5 16.Ka1 bxc4 17.Nxc4 Bb5 18.Rb1 a6 19.e4 fxe4 20.fxe4 h6 21.Bxf6 
Qxf6 22.e5 Qf3 23.exd6 cxd6 24.Rbc1 Kh8 25.g5 hxg5 26.Rhf1 Qd5 27.Ne3 Bxd3
28.Qxd3 Qb5 29.Rxf8+ Rxf8 30.c4 Qa5 31.c5 dxc5 32.dxc5 Nc6 33.Qe4 Nb4 34.
Qxe6 Qa3 35.Rc4 Qxa2# 0-1

[Event "GMA World Cup qual f"]
[Site "Moscow URS"]
[Date "1990.??.??"]
[Round "9"]
[White "Vaganian, Rafael"]
[Black "Gulko, Boris"]
[Result "0-1"]
[WhiteElo "2605"]
[BlackElo "2610"]
[EventDate "1990.05.??"]
[PlyCount "64"]

1.c4 e5 2.Nc3 Bb4 3.g3 Bxc3 4.bxc3 d6 5.Bg2 f5 6.d3 Nf6 7.Nh3 Nc6 8.Rb1 
O-O 9.O-O Qe8 10.f3 b6 11.Nf2 Be6 12.f4 Rd8 13.Re1 Ne7 14.a4 Bd7 15.a5 Ba4
16.Qd2 Bc6 17.fxe5 dxe5 18.Bxc6 Qxc6 19.Qe3 Ng6 20.Qf3 Qd7 21.Bg5 h6 22.
Bxf6 Rxf6 23.Qb7 Qc6 24.Qxc6 Rxc6 25.Rb5 Kf7 26.axb6 axb6 27.Ra1 Ke6 28.
Kg2 e4 29.Rd1 e3 30.Nh3 Rxc4 31.Rf1 Rxc3 32.Rfxf5 c6 0-1

[Event "GMA World Cup qual f"]
[Site "Moscow URS"]
[Date "1990.??.??"]
[Round "9"]
[White "Polugaevsky, Lev"]
[Black "Portisch, Lajos"]
[Result "1/2-1/2"]
[WhiteElo "2610"]
[BlackElo "2605"]
[EventDate "1990.05.??"]
[PlyCount "36"]

1.d4 Nf6 2.c4 e6 3.Nf3 b6 4.g3 Ba6 5.Qa4 Bb7 6.Bg2 c5 7.dxc5 bxc5 8.O-O 
Be7 9.Nc3 O-O 10.Rd1 d6 11.Bf4 Qb6 12.Rd2 Nc6 13.Bxd6 Bxd6 14.Rxd6 Qxb2 
15.Rb1 Qxc3 16.Rxb7 Nd4 17.Qd1 Nxf3+ 18.Bxf3 Qxc4 1/2-1/2